Súčasnosť a perspektívy oceňovania, účtovania a vykazovania dlhodobých pohľadávok a záväzkov podnikateľov v SR

Súčasný stav a perspektívy slovenskej legislatívnej úpravy oceňovania, účtovania a vykazovania dlhodobých pohľadávok a záväzkov podnikateľských subjektov. Poukázanie na niektoré problematické aspekty oceňovania, účtovania a vykazovania dlhodobých pohľadávok a záväzkov v súčasnej hodnote.

Salvato in:
Dettagli Bibliografici
Autore principale: Maděra, František
Natura: Capitolo di libro
Lingua:slovacco
Soggetti:
Tags: Aggiungi Tag
Nessun Tag, puoi essere il primo ad aggiungerne!!

MARC

LEADER 00000naa$a2200000$$$4500
001 0091283
005 20240502083232.2
041 0 |a slo 
044 |a CZ 
245 1 0 |a Súčasnosť a perspektívy oceňovania, účtovania a vykazovania dlhodobých pohľadávok a záväzkov podnikateľov v SR  |c František Maděra 
520 |a Súčasný stav a perspektívy slovenskej legislatívnej úpravy oceňovania, účtovania a vykazovania dlhodobých pohľadávok a záväzkov podnikateľských subjektov. Poukázanie na niektoré problematické aspekty oceňovania, účtovania a vykazovania dlhodobých pohľadávok a záväzkov v súčasnej hodnote. 
610 2 0 |a účtovanie 
610 2 0 |a oceňovanie 
610 2 0 |a pohľadávky 
610 2 0 |a záväzky 
100 1 |a Maděra, František